00560nam a2200169 i 4500001000400000100002000004245009000024260004500114300002600159650002600185040000800211041000800219044000800227080001600235008004100251856009800292bgj1 aKYBER, Manfred.10aGesammelte Tiergeschichten :bUnter Tieren und Neue Tiergeschichten /cManfred Kyber. aLeipzig :bHesse & Becker Verlag,c1930. a314, [1] s. ;c19 cm.9 aPowieść niemiecka cBPK0 ager aDEU a821.112.2-3 s gw f |000 0 ger  uhttp://koha.tu.koszalin.pl/cgi-bin/koha/opac-detail.pl?biblionumber=50036yKatalog online BPK